[Event "HUN-chT2 Maroczy 1819"]
[Site "Hungary"]
[Date "2019.03.10"]
[Round "9.9"]
[White "Hradeczky, Tamas"]
[Black "Madi, Tibor"]
[Result "0-1"]
[WhiteElo "2033"]
[BlackElo "2163"]
[PlyCount "106"]
[EventDate "2018.09.23"]
[EventType "team-tourn"]
[EventRounds "11"]
[EventCountry "HUN"]
[SourceTitle "EXT 2020"]
[Source "ChessBase"]
[SourceDate "2019.10.17"]
[SourceVersion "1"]
[SourceVersionDate "2019.10.17"]
[SourceQuality "1"]
[WhiteTeam "Taban Spartacus"]
[BlackTeam "Toth Laszlo"]
[WhiteTeamCountry "HUN"]
[BlackTeamCountry "HUN"]

1. d4 d5 2. Nf3 Nf6 3. c4 c6 4. Nc3 e6 5. Bg5 Nbd7 6. cxd5 exd5 7. e3 Bd6 8. Bd3 0-0 9. 0-0 Re8 10. Qc2 h6 11. Bh4 Nb6 12. Rae1 Be6 13. Ne5 Qc7 14. f4 Nfd7 15. f5 Nxe5 16. fxe6 Rxe6 17. dxe5 Bxe5 18. h3 Rae8 19. Bf5 Bh2+ 20. Kh1 Rxe3 21. Rxe3 Rxe3 22. Qf2 Qe5 23. Be4 Rxe4 24. Qxf7+ Kh7 25. Nxe4 Qxe4 26. Bf6 Qg6 27. Bd4 Bd6 28. Qxg6+ Kxg6 29. Re1 Kf7 30. g4 c5 31. Bf2 Nd7 32. Kg2 a5 33. b3 b5 34. Bg3 Be7 35. Kf3 Bf6 36. Bc7 Bc3 37. Rc1 d4 38. a4 bxa4 39. bxa4 c4 40. Rxc3 dxc3 41. Bxa5 c2 42. Bd2 Ke6 43. a5 Nc5 44. Ke2 c3 45. Bc1 Kd5 46. Ba3 Kc4 47. Ke3 Kb3 48. Bc1 Kb4 49. Kd4 Nb3+ 50. Kd3 Nxc1+ 51. Kxc2 Kxa5 52. Kxc3 Ne2+ 53. Kd2 Ng1 0-1

[Event "HUN-chT2 Toth 1819"]
[Site "Hungary"]
[Date "2018.10.07"]
[Round "2.1"]
[White "Dostan, Janos"]
[Black "Madi, Tibor"]
[Result "1/2-1/2"]
[WhiteElo "2032"]
[BlackElo "2163"]
[PlyCount "67"]
[EventDate "2018.09.23"]
[EventType "team-tourn"]
[EventRounds "11"]
[EventCountry "HUN"]
[SourceTitle "EXT 2021"]
[Source "ChessBase"]
[SourceDate "2020.10.23"]
[SourceVersion "1"]
[SourceVersionDate "2020.10.23"]
[SourceQuality "1"]
[WhiteTeam "Karcag"]
[BlackTeam "Kecskemet Toth Laszlo II"]
[WhiteTeamCountry "HUN"]
[BlackTeamCountry "HUN"]

1. e4 c5 2. Nf3 e6 3. d3 Nc6 4. Be2 g6 5. 0-0 Bg7 6. Nbd2 Nge7 7. Re1 0-0 8. Bf1 Qc7 9. c3 d5 10. Nb3 b6 11. g3 Bb7 12. Qe2 dxe4 13. dxe4 e5 14. a4 Nc8 15. h4 Nd6 16. Nbd2 Ne7 17. h5 h6 18. Nh2 a5 19. Bg2 Ba6 20. Qf3 Rad8 21. Ndf1 f5 22. hxg6 Nxe4 23. Qh5 Nf6 24. Qf3 e4 25. Qf4 Qd7 26. Ne3 Nfd5 27. Nxd5 Nxd5 28. Qh4 Qe6 29. g4 Bd3 30. gxf5 Qxf5 31. Bxe4 Bxe4 32. Rxe4 Nf6 33. Re1 Qxg6+ 34. Qg3 1/2-1/2

[Event "HUN-chT2 Toth 1718"]
[Site "Hungary"]
[Date "2017.11.26"]
[Round "4.2"]
[White "Madi, Tibor"]
[Black "Egyed, Judit"]
[Result "1/2-1/2"]
[WhiteElo "2169"]
[BlackElo "2073"]
[PlyCount "49"]
[EventDate "2017.09.24"]
[EventType "team-tourn"]
[EventRounds "11"]
[EventCountry "HUN"]
[SourceTitle "EXT 2021"]
[Source "ChessBase"]
[SourceDate "2020.10.23"]
[SourceVersion "1"]
[SourceVersionDate "2020.10.23"]
[SourceQuality "1"]
[WhiteTeam "Kecskemet Toth Laszlo II"]
[BlackTeam "Karcag"]
[WhiteTeamCountry "HUN"]
[BlackTeamCountry "HUN"]

1. e4 c5 2. Nf3 d6 3. Bb5+ Bd7 4. Bxd7+ Nxd7 5. 0-0 Ngf6 6. Re1 g6 7. c3 Bg7 8. d4 e5 9. Bg5 0-0 10. Nbd2 b5 11. a4 a6 12. axb5 axb5 13. Qb3 Qb6 14. h3 Ra6 15. Be3 Rfa8 16. Rad1 c4 17. dxe5 Qa5 18. Qc2 dxe5 19. b3 cxb3 20. Qxb3 Rc6 21. Rb1 Rxc3 22. Qxb5 Qc7 23. Qb7 Rc8 24. Qxc7 R3xc7 25. Rb5 1/2-1/2

[Event "HUN-chT2 Maroczy 1718"]
[Site "Hungary"]
[Date "2017.10.29"]
[Round "1.10"]
[White "Madi, Tibor"]
[Black "Kopasz, Robert"]
[Result "0-1"]
[WhiteElo "2177"]
[BlackElo "2307"]
[PlyCount "68"]
[EventDate "2017.10.29"]
[EventType "team-tourn"]
[EventRounds "9"]
[EventCountry "HUN"]
[SourceTitle "EXT 2021"]
[Source "ChessBase"]
[SourceDate "2020.10.23"]
[SourceVersion "1"]
[SourceVersionDate "2020.10.23"]
[SourceQuality "1"]
[WhiteTeam "Toth Laszlo"]
[BlackTeam "Szeged Maroczy"]
[WhiteTeamCountry "HUN"]
[BlackTeamCountry "HUN"]

1. e4 c6 2. d3 d5 3. Nd2 e5 4. g3 Nf6 5. Bg2 Bd6 6. Ngf3 0-0 7. 0-0 Re8 8. Re1 Nbd7 9. Nf1 Nf8 10. h3 Bd7 11. Kh2 Ng6 12. Ng1 h6 13. c3 Be6 14. Be3 Qa5 15. b4 Qa6 16. a4 Rad8 17. Qb1 Bb8 18. Ne2 dxe4 19. b5 Qa5 20. dxe4 Bc4 21. bxc6 bxc6 22. Qb4 Qa6 23. Ng1 Bd6 24. Bc5 Bc7 25. Ne3 Bd3 26. Bf1 Ba5 27. Qa3 Nxe4 28. Bb4 Nxf2 29. Bg2 Ne4 30. Ng4 h5 31. Nh6+ gxh6 32. Bxe4 Bxe4 33. Rxe4 Rd2+ 34. Kh1 Qd3 0-1

[Event "HUN-chT2 Toth 1516"]
[Site "Hungary"]
[Date "2015.09.13"]
[Round "1.1"]
[White "Madi, Tibor"]
[Black "Karsai, Istvan"]
[Result "1/2-1/2"]
[WhiteElo "2195"]
[BlackElo "2066"]
[PlyCount "60"]
[EventDate "2015.09.13"]
[EventType "team-tourn"]
[EventRounds "11"]
[EventCountry "HUN"]
[SourceTitle "EXT 2017"]
[Source "ChessBase"]
[SourceDate "2016.10.25"]
[SourceVersion "1"]
[SourceVersionDate "2016.10.25"]
[SourceQuality "1"]
[WhiteTeam "Toth Laszlo II"]
[BlackTeam "Felegyhaza Csongrad"]
[WhiteTeamCountry "HUN"]
[BlackTeamCountry "HUN"]

1. e4 e6 2. d3 c5 3. Nf3 Nc6 4. g3 d6 5. Bg2 Be7 6. 0-0 Nf6 7. Re1 0-0 8. c3 Rb8 9. d4 b6 10. Nbd2 cxd4 11. cxd4 e5 12. d5 Nb4 13. a3 Na6 14. b4 Bd7 15. Bf1 b5 16. Nb3 Re8 17. h3 Qc8 18. Kh2 Bd8 19. Qd3 Qb7 20. Be3 Bb6 21. Rec1 Rbc8 22. Kg2 h6 23. Nfd2 Nb8 24. f3 Nh7 25. h4 a6 26. Kf2 Nf6 27. Bxb6 Qxb6+ 28. Qe3 Qxe3+ 29. Kxe3 Nh5 30. Kf2 g6 1/2-1/2

[Event "HUN-chT2 Toth 1314"]
[Site "Hungary"]
[Date "2013.11.03"]
[Round "4.1"]
[White "Ardelean, George Catalin"]
[Black "Madi, Tibor"]
[Result "1-0"]
[WhiteElo "2526"]
[BlackElo "2237"]
[PlyCount "57"]
[EventDate "2013.09.08"]
[EventType "team-tourn"]
[EventRounds "11"]
[EventCountry "HUN"]
[SourceTitle "EXT 2016"]
[Source "ChessBase"]
[SourceDate "2015.10.08"]
[SourceVersion "1"]
[SourceVersionDate "2015.10.08"]
[SourceQuality "1"]
[WhiteTeam "Karcag"]
[BlackTeam "Toth Laszlo II"]
[WhiteTeamCountry "HUN"]
[BlackTeamCountry "HUN"]

1. e4 c5 2. Nf3 d6 3. d4 cxd4 4. Nxd4 Nf6 5. Nc3 a6 6. Be2 e6 7. f4 Qc7 8. 0-0 Be7 9. Be3 Nc6 10. Kh1 Bd7 11. Qe1 h5 12. a4 Rc8 13. Rd1 Kf8 14. Nb3 Nb4 15. Qd2 Bc6 16. a5 h4 17. Bb6 Qb8 18. Bf3 d5 19. Bc5 dxe4 20. Nxe4 Nbd5 21. Nxf6 Nxf6 22. Bxc6 bxc6 23. Rf3 Rh5 24. Bxe7+ Kxe7 25. c4 h3 26. gxh3 Rd8 27. Nd4 Ke8 28. Rd3 Rc8 29. Nxc6 1-0

[Event "HUN-chT2 Toth 0506"]
[Site "Hungary"]
[Date "2006.04.23"]
[Round "11"]
[White "Madi, Tibor"]
[Black "Zalai, Mihaly"]
[Result "1/2-1/2"]
[WhiteElo "2247"]
[BlackElo "2185"]
[PlyCount "96"]
[EventDate "2005.10.16"]
[EventType "team"]
[EventRounds "11"]
[EventCountry "HUN"]
[SourceTitle "EXT 2009"]
[Source "ChessBase"]
[SourceDate "2008.11.26"]
[SourceVersion "1"]
[SourceVersionDate "2008.11.26"]
[SourceQuality "1"]
[WhiteTeam "Takisz"]
[BlackTeam "Oroshaza"]
[WhiteTeamCountry "HUN"]
[BlackTeamCountry "HUN"]

1. Nf3 Nf6 2. c4 g6 3. g3 Bg7 4. Bg2 0-0 5. 0-0 d6 6. Nc3 e5 7. d3 Nc6 8. Rb1 a5 9. a3 h6 10. b4 axb4 11. axb4 Be6 12. Nd2 Rb8 13. b5 Ne7 14. Ba3 Qd7 15. Re1 Bh3 16. Bh1 Ng4 17. e4 h5 18. f3 Nf6 19. Bg2 Bxg2 20. Kxg2 Nh7 21. h4 Bh6 22. Bc1 f5 23. Nf1 f4 24. Nd5 Ra8 25. gxf4 Nxd5 26. cxd5 Bxf4 27. Bxf4 Rxf4 28. Ra1 Rxa1 29. Qxa1 Qxb5 30. d4 Qd3 31. Re3 Qxd4 32. Qxd4 exd4 33. Rb3 c5 34. dxc6 bxc6 35. Rb6 c5 36. Rxd6 Rf6 37. Rd8+ Nf8 38. Rc8 Rd6 39. Rxc5 Ne6 40. Rc8+ Kf7 41. Kg3 Ra6 42. Rc1 Kf6 43. Nd2 Ra3 44. Rc6 Rc3 45. Rd6 Ke7 46. Rd5 Rc1 47. Nb3 Rg1+ 48. Kf2 Rh1 1/2-1/2

[Event "HUN-chT2 Toth 0405"]
[Site "Hungary"]
[Date "2005.04.24"]
[Round "11"]
[White "Madi, Tibor"]
[Black "Hajdu, Istvan"]
[Result "0-1"]
[WhiteElo "2245"]
[BlackElo "2179"]
[PlyCount "112"]
[EventDate "2004.09.26"]
[EventType "team"]
[EventRounds "11"]
[EventCountry "HUN"]
[SourceTitle "EXT 2009"]
[Source "ChessBase"]
[SourceDate "2008.11.26"]
[SourceVersion "1"]
[SourceVersionDate "2008.11.26"]
[SourceQuality "1"]
[WhiteTeam "Takisz"]
[BlackTeam "Szentes"]
[WhiteTeamCountry "HUN"]
[BlackTeamCountry "HUN"]

1. c4 e5 2. Nc3 Nc6 3. g3 g6 4. Bg2 Bg7 5. d3 Nge7 6. Nf3 d6 7. Rb1 a5 8. 0-0 h6 9. a3 Be6 10. b4 axb4 11. axb4 Qd7 12. Re1 0-0 13. b5 Nd8 14. Nd2 e4 15. d4 f5 16. e3 Bf7 17. f3 exf3 18. Bxf3 d5 19. cxd5 Nxd5 20. Nxd5 Bxd5 21. Bxd5+ Qxd5 22. Qb3 Qxb3 23. Nxb3 Ne6 24. Re2 Rfd8 25. Rc2 Rd5 26. Nd2 Ra5 27. b6 c5 28. Nc4 Ra4 29. Rb5 Bxd4 30. exd4 Nxd4 31. Ne3 Rd6 32. Rbxc5 Nxc2 33. Rxc2 Rxb6 34. Kf2 f4 35. gxf4 Rxf4+ 36. Kg3 g5 37. Nd5 Rb3+ 38. Kg2 Rg4+ 39. Kf2 Rd4 40. Ne3 Rf4+ 41. Kg2 Re4 42. Kf2 Rf4+ 43. Kg2 Kh7 44. Nd5 Rd4 45. Ne3 Rdd3 46. Re2 b5 47. Ng4 Rd6 48. Bb2 Kg6 49. Ne5+ Kh5 50. Nf7 Rd7 51. Ne5 Re7 52. Bd4 Rd3 53. Bb2 g4 54. Bc1 Rd4 55. Bxh6 Kxh6 56. Nf7+ Rxf7 0-1

[Event "HUN-chT2 Toth 0405"]
[Site "Hungary"]
[Date "2005.02.06"]
[Round "7"]
[White "Madi, Tibor"]
[Black "Igaz, Ervin"]
[Result "1/2-1/2"]
[WhiteElo "2245"]
[BlackElo "2145"]
[PlyCount "63"]
[EventDate "2004.09.26"]
[EventType "team"]
[EventRounds "11"]
[EventCountry "HUN"]
[SourceTitle "EXT 2009"]
[Source "ChessBase"]
[SourceDate "2008.11.26"]
[SourceVersion "1"]
[SourceVersionDate "2008.11.26"]
[SourceQuality "1"]
[WhiteTeam "Takisz"]
[BlackTeam "Koszolg"]
[WhiteTeamCountry "HUN"]
[BlackTeamCountry "HUN"]

1. Nf3 Nf6 2. c4 e6 3. g3 d5 4. Bg2 c6 5. b3 dxc4 6. bxc4 Ne4 7. Qc2 Ng5 8. Bb2 Nxf3+ 9. Bxf3 Qg5 10. Nc3 f5 11. h4 Qd8 12. 0-0-0 Qa5 13. d4 Ba3 14. Qb3 Bxb2+ 15. Kxb2 Na6 16. Rb1 Bd7 17. Qa3 Qxa3+ 18. Kxa3 b6 19. e3 Ke7 20. Na4 Rab8 21. c5 b5 22. Nb2 e5 23. Bd1 e4 24. Bb3 Be6 25. Bxe6 Kxe6 26. Kb3 Nc7 27. Nd1 a5 28. Nc3 Rb7 29. Rhf1 a4+ 30. Kc2 Nd5 31. Nxd5 Kxd5 32. a3 1/2-1/2

[Event "HUN-chT2 Toth 0405"]
[Site "Hungary"]
[Date "2004.12.05"]
[Round "4"]
[White "Madi, Tibor"]
[Black "Berecz, Arpad"]
[Result "1-0"]
[WhiteElo "2245"]
[BlackElo "2108"]
[PlyCount "97"]
[EventDate "2004.09.26"]
[EventType "team"]
[EventRounds "11"]
[EventCountry "HUN"]
[SourceTitle "EXT 2009"]
[Source "ChessBase"]
[SourceDate "2008.11.26"]
[SourceVersion "1"]
[SourceVersionDate "2008.11.26"]
[SourceQuality "1"]
[WhiteTeam "Takisz"]
[BlackTeam "Maroczy"]
[WhiteTeamCountry "HUN"]
[BlackTeamCountry "HUN"]

1. Nf3 Nf6 2. c4 g6 3. Nc3 Bg7 4. g3 d6 5. Bg2 0-0 6. 0-0 e5 7. d3 c6 8. Rb1 Bg4 9. h3 Be6 10. Ng5 d5 11. Nxe6 fxe6 12. b4 a6 13. a4 Qd7 14. Qb3 Rd8 15. h4 h6 16. a5 Qc7 17. Bh3 Qf7 18. Na4 Nbd7 19. Be3 d4 20. Bd2 e4 21. b5 cxb5 22. cxb5 Re8 23. bxa6 bxa6 24. Bg2 e5 25. dxe4 Reb8 26. Qxf7+ Kxf7 27. Nb6 Ra7 28. Nxd7 Nxd7 29. Rxb8 Nxb8 30. Rc1 Bf8 31. Bh3 Rb7 32. Kf1 h5 33. f4 Rb2 34. Ke1 Bd6 35. fxe5 Bxe5 36. Bf4 Bxf4 37. gxf4 Rb3 38. Rc7+ Kf8 39. Be6 Rc3 40. Rxc3 dxc3 41. Bd5 Ke7 42. Kd1 Nd7 43. Kc2 Kd6 44. Kxc3 Nf6 45. e5+ Kxd5 46. exf6 Ke6 47. e4 Kxf6 48. Kd4 Ke6 49. Kc5 1-0

[Event "HUN-chT2 Toth 0405"]
[Site "Hungary"]
[Date "2004.09.26"]
[Round "1"]
[White "Madi, Tibor"]
[Black "Joo, Janos"]
[Result "1-0"]
[WhiteElo "2245"]
[BlackElo "2068"]
[PlyCount "61"]
[EventDate "2004.09.26"]
[EventType "team"]
[EventRounds "11"]
[EventCountry "HUN"]
[SourceTitle "EXT 2009"]
[Source "ChessBase"]
[SourceDate "2008.11.26"]
[SourceVersion "1"]
[SourceVersionDate "2008.11.26"]
[SourceQuality "1"]
[WhiteTeam "Takisz"]
[BlackTeam "Mako II"]
[WhiteTeamCountry "HUN"]
[BlackTeamCountry "HUN"]

1. e4 c5 2. Nc3 d6 3. g3 Nc6 4. Bg2 g6 5. d3 Bg7 6. Nge2 Nf6 7. 0-0 0-0 8. h3 h5 9. Be3 Bd7 10. f4 Qc8 11. Kh2 e5 12. fxe5 Nxe5 13. Bg5 Nh7 14. Nd5 Kh8 15. Be7 Re8 16. Bxd6 Re6 17. Bxe5 Rxe5 18. Rxf7 Ng5 19. Nef4 Nxf7 20. Nxg6+ Kh7 21. Nxe5 Bxe5 22. Qxh5+ Kg7 23. Rf1 Qe8 24. Rxf7+ Qxf7 25. Qxe5+ Kh7 26. Nf6+ Kg6 27. Nxd7 Qxd7 28. Qxc5 Rc8 29. Qf5+ Qxf5 30. exf5+ Kxf5 31. c4 1-0

[Event "HUN-chT2 Toth 0304"]
[Site "Hungary"]
[Date "2004.02.08"]
[Round "7"]
[White "Madi, Tibor"]
[Black "Csomos, Roland"]
[Result "0-1"]
[WhiteElo "2300"]
[BlackElo "2225"]
[PlyCount "72"]
[EventDate "2003.09.28"]
[EventType "team"]
[EventRounds "11"]
[EventCountry "HUN"]
[SourceTitle "EXT 2009"]
[Source "ChessBase"]
[SourceDate "2008.11.26"]
[SourceVersion "1"]
[SourceVersionDate "2008.11.26"]
[SourceQuality "1"]
[WhiteTeam "Takisz"]
[BlackTeam "GYDSE"]
[WhiteTeamCountry "HUN"]
[BlackTeamCountry "HUN"]

1. Nf3 d5 2. g3 Nf6 3. Bg2 c6 4. 0-0 Bf5 5. d3 h6 6. b3 Nbd7 7. Bb2 e6 8. Nbd2 Qb6 9. c4 Be7 10. h3 0-0 11. e4 Bh7 12. e5 Ne8 13. Qe2 Qa6 14. Rfd1 Nc7 15. Bf1 Rac8 16. Qe3 b5 17. cxb5 cxb5 18. d4 Qb7 19. a3 Nb6 20. Rdc1 a5 21. Bc3 Ra8 22. Bd3 Bxd3 23. Qxd3 Rfc8 24. h4 a4 25. Bb4 Bxb4 26. axb4 axb3 27. Nxb3 Nc4 28. Nc5 Qc6 29. h5 Na6 30. Qb3 Ra7 31. Ra2 Nxc5 32. bxc5 Rxa2 33. Qxa2 Ra8 34. Qb1 Ra3 35. Kg2 Rxf3 36. Rxc4 dxc4 0-1

[Event "HUN-chT2 Toth 0304"]
[Site "Hungary"]
[Date "2003.12.07"]
[Round "5"]
[White "Vicsai, Gabor"]
[Black "Madi, Tibor"]
[Result "0-1"]
[WhiteElo "2134"]
[BlackElo "2300"]
[PlyCount "120"]
[EventDate "2003.09.28"]
[EventType "team"]
[EventRounds "11"]
[EventCountry "HUN"]
[SourceTitle "EXT 2009"]
[Source "ChessBase"]
[SourceDate "2008.11.26"]
[SourceVersion "1"]
[SourceVersionDate "2008.11.26"]
[SourceQuality "1"]
[WhiteTeam "Mako II"]
[BlackTeam "Takisz"]
[WhiteTeamCountry "HUN"]
[BlackTeamCountry "HUN"]

1. d4 Nf6 2. Nf3 g6 3. Bf4 Bg7 4. e3 d5 5. Bd3 c5 6. c3 Nc6 7. Nbd2 0-0 8. h3 Nd7 9. 0-0 e5 10. Nxe5 Ndxe5 11. dxe5 Nxe5 12. Bxe5 Bxe5 13. Nf3 Bg7 14. Qd2 b6 15. Qe2 Bb7 16. Ba6 Bc6 17. Bb5 Qd7 18. Bxc6 Qxc6 19. Rfd1 Rad8 20. a4 a5 21. Qb5 Qxb5 22. axb5 d4 23. exd4 cxd4 24. Nxd4 Bxd4 25. Rxd4 Rxd4 26. cxd4 Rd8 27. Rc1 Rd5 28. Kf1 Rxb5 29. Rc2 Rb4 30. Rd2 Kf8 31. Ke2 Ke7 32. Kd3 Kd6 33. Kc3 Rb5 34. f3 a4 35. Re2 h5 36. Re8 Rb3+ 37. Kc2 Rb5 38. Re3 Ra5 39. Re2 Rb5 40. Re8 Rg5 41. Re2 f6 42. Kc3 Rb5 43. Re8 Rb3+ 44. Kc2 h4 45. Ra8 Rb5 46. Re8 Rg5 47. Re2 Ra5 48. Kc3 a3 49. bxa3 Rxa3+ 50. Kb4 Ra1 51. Rb2 Kd5 52. Kb5 Kxd4 53. Kxb6 Ke3 54. Kc6 Re1 55. Kd6 Re2 56. Rxe2+ Kxe2 57. Ke6 f5 58. Kf6 Kf2 59. Kxg6 Kxg2 60. Kxf5 Kxh3 0-1

[Event "HUN-chT 9697"]
[Site "Hungary"]
[Date "1997.??.??"]
[Round "10"]
[White "Madi, Tibor"]
[Black "Horvath, Julia"]
[Result "1-0"]
[WhiteElo "2310"]
[BlackElo "2305"]
[PlyCount "115"]
[EventDate "1996.??.??"]
[EventType "team"]
[EventRounds "12"]
[EventCountry "HUN"]
[SourceTitle "EXT 2006"]
[Source "ChessBase"]
[SourceDate "2005.11.24"]
[SourceVersion "1"]
[SourceVersionDate "2005.11.24"]
[SourceQuality "1"]
[WhiteTeam "DUTEP"]
[BlackTeam "Vasas"]
[WhiteTeamCountry "HUN"]
[BlackTeamCountry "HUN"]

1. e4 c6 2. d4 g6 3. f4 Bg7 4. Nf3 d5 5. e5 Bg4 6. Be2 h5 7. c3 Nh6 8. 0-0 Nd7 9. h3 Bxf3 10. Rxf3 e6 11. b3 Nf5 12. Ba3 Bf8 13. Bxf8 Nxf8 14. Nd2 g5 15. fxg5 Qxg5 16. Bd3 Nh4 17. Rf2 Rg8 18. Nf3 Nxf3+ 19. Qxf3 0-0-0 20. Qxf7 Rd7 21. Qf4 Qxf4 22. Rxf4 Rdg7 23. Rf2 Rg3 24. Rd1 Ng6 25. Kh2 h4 26. Rdd2 a5 27. Rf6 Rg7 28. Bxg6 R7xg6 29. Rxg6 Rxg6 30. Rd3 b6 31. g4 c5 32. Rf3 cxd4 33. cxd4 Rg7 34. Rf6 Rc7 35. Rxe6 Rc2+ 36. Kg1 Rxa2 37. g5 Rd2 38. g6 Rd3 39. Rxb6 Rxh3 40. Kg2 Rd3 41. Kh2 Rg3 42. Ra6 Kb7 43. Rxa5 Rxg6 44. Rxd5 Rb6 45. Kh3 Rxb3+ 46. Kxh4 Kc7 47. Kg5 Rb6 48. Kf5 Rh6 49. e6 Rh5+ 50. Ke4 Rh4+ 51. Kd3 Rh3+ 52. Kc4 Re3 53. Rd7+ Kc8 54. d5 Re1 55. Kc5 Re5 56. Kd6 Rh5 57. Rc7+ Kb8 58. Rc1 1-0

[Event "HUN-chT 9697"]
[Site "Hungary"]
[Date "1996.??.??"]
[Round "1"]
[White "Madi, Tibor"]
[Black "Zila, Laszlo"]
[Result "1-0"]
[WhiteElo "2310"]
[BlackElo "2235"]
[PlyCount "113"]
[EventDate "1996.??.??"]
[EventType "team"]
[EventRounds "12"]
[EventCountry "HUN"]
[SourceTitle "EXT 2006"]
[Source "ChessBase"]
[SourceDate "2005.11.24"]
[SourceVersion "1"]
[SourceVersionDate "2005.11.24"]
[SourceQuality "1"]
[WhiteTeam "DUTEP"]
[BlackTeam "Matador"]
[WhiteTeamCountry "HUN"]
[BlackTeamCountry "HUN"]

1. e4 c5 2. Nf3 e6 3. d3 Nc6 4. g3 d6 5. Bg2 Be7 6. 0-0 Nf6 7. Re1 0-0 8. Nbd2 Qc7 9. Nf1 Bd7 10. h3 Rad8 11. g4 Kh8 12. Ng3 e5 13. c3 Be6 14. d4 cxd4 15. cxd4 d5 16. Nxe5 Nxe5 17. dxe5 Nxe4 18. Bf4 Nxg3 19. Bxg3 Qb6 20. Qe2 d4 21. Be4 Bd5 22. b3 Bb4 23. Red1 Bc3 24. Rac1 Bc6 25. Qd3 Bb5 26. Qf3 Bc6 27. Qf5 Bxe4 28. Qxe4 Qc6 29. Qxc6 bxc6 30. Rd3 g5 31. f4 h6 32. Rf1 Kg7 33. h4 gxf4 34. Bxf4 Rfe8 35. h5 Re6 36. Bg3 Rd7 37. Rf5 c5 38. Bh4 a5 39. Bf6+ Kh7 40. g5 hxg5 41. Rxg5 Re8 42. Rg7+ Kh6 43. Kf2 a4 44. Kf3 axb3 45. axb3 Ba5 46. Rg2 Bd8 47. Bg7+ Kh7 48. Kf4 Rd5 49. h6 Bc7 50. Rg5 Re6 51. Rf5 Rd7 52. Ke4 Bd8 53. Rdf3 Kg8 54. Rg3 Kh7 55. Rgf3 Kg8 56. Kd3 Rb6 57. Kc4 1-0